| 000 | 00904nam a22002297a 4500 | ||
|---|---|---|---|
| 999 |
_c18089 _d18089 |
||
| 003 | AR-CdUCM | ||
| 008 | 190511b ||||| |||| 00| 0 spa d | ||
| 040 |
_aMUNICIPALIDAD PROVINCIAL DEL CUSCO _cBIBLIOTECA MUNICIPAL DEL CUSCO |
||
| 082 |
_a327.734 / _bH16 |
||
| 100 |
_aHaile, Pennington _938467 |
||
| 245 |
_aEl águila y el oso : _blas raíces filosóficas de la democracia y el comunismo / |
||
| 260 |
_aBuenos Aires : _bPlaza & Janés, _c1966. |
||
| 300 |
_a212 páginas ; _c18.5 cm. |
||
| 505 | _aContenido: La base del conflicto -- La concepción medieval del hombre -- Sale Aristóteles y entre Newton -- John Locke: el hombre como poder de la razón... | ||
| 650 |
_aEstados Unidos _91805 |
||
| 650 |
_aRusia _9499 |
||
| 650 |
_aPolítica y gobierno _92693 |
||
| 650 |
_aSiglo XX. _98 |
||
| 700 |
_aSánchez, Atanasio (traductor) _91172 |
||
| 942 |
_2ddc _cLIBROS |
||
| 945 |
_aacv _d2019-05-11 |
||